Zpráva o dosažených výsledcích za období 1981-1982 syntetická studie
Salvato in:
| Natura: | Libro |
|---|---|
| Lingua: | ceco |
| Pubblicazione: |
Praha
Ústav pro ekonomiku a řízení vědeckotechnického rozvoje
1982
|
| Tags: |
Nessun Tag, puoi essere il primo ad aggiungerne!!
|
MARC
| LEADER | 00000nam a2200000 4500 | ||
|---|---|---|---|
| 001 | c130678 | ||
| 005 | 20251111085128.1 | ||
| 041 | 0 | |a cze | |
| 044 | |a CZ | ||
| 245 | 1 | 0 | |a Zpráva o dosažených výsledcích za období 1981-1982 |b syntetická studie |
| 264 | 1 | |a Praha |b Ústav pro ekonomiku a řízení vědeckotechnického rozvoje |c 1982 | |
| 300 | |a 123 s. | ||